The truth about money / (Record no. 123926)
[ view plain ]
| 000 -LEADER | |
|---|---|
| campo de control de longitud fija | 01851cam a22003494a 4500 |
| 001 - NÚMERO DE CONTROL | |
| campo de control | 16969911 |
| 003 - IDENTIFICADOR DE NÚMERO DE CONTROL | |
| campo de control | BJBSDDR |
| 005 - FECHA Y HORA DE LA ÚLTIMA TRANSACCIÓN | |
| campo de control | 20250804125442.0 |
| 007 - CAMPO FIJO DE DESCRIPCIÓN FÍSICA--INFORMACIÓN GENERAL | |
| campo de control de longitud fija | ta |
| 008 - DATOS DE LONGITUD FIJA--INFORMACIÓN GENERAL | |
| campo de control de longitud fija | 110920s2010 nyua 001 0 eng |
| 010 ## - NÚMERO DE CONTROL DE LA BIBLIOTECA DEL CONGRESO | |
| Número de control de LC | 2011292593 |
| 020 ## - NÚMERO INTERNACIONAL ESTÁNDAR DEL LIBRO | |
| Número Internacional Estándar del Libro | 9780062006486 |
| 020 ## - NÚMERO INTERNACIONAL ESTÁNDAR DEL LIBRO | |
| Número Internacional Estándar del Libro | 0062006487 |
| 040 ## - FUENTE DE CATALOGACIÓN | |
| Centro catalogador/agencia de origen | DLC |
| Centro/agencia transcriptor | DLC |
| Lengua de catalogación | eng |
| 041 ## - CÓDIGO DE IDIOMA | |
| Código de lengua del texto/banda sonora o título independiente | eng |
| 042 ## - CÓDIGO DE AUTENTICACIÓN | |
| Código de autenticación | pcc |
| 050 14 - SIGNATURA TOPOGRÁFICA DE LA BIBLIOTECA DEL CONGRESO | |
| Número de clasificación | HG 179 |
| Número de ítem | E22t 2010 |
| 100 1# - ENTRADA PRINCIPAL--NOMBRE DE PERSONA | |
| Nombre de persona | Edelman, Ric |
| Forma completa/desarrollada del nombre | (Fredric Mark), |
| Fechas asociadas al nombre | 1958- |
| 9 (RLIN) | 29934 |
| 245 14 - MENCIÓN DEL TÍTULO | |
| Título | The truth about money / |
| Mención de responsabilidad, etc. | Ric Edelman. |
| 246 14 - FORMA VARIANTE DEL TITULO | |
| Título propio/Titulo breve | The Truth about Money : |
| Resto del título | Everything You Need to Know about Money |
| 246 3# - FORMA VARIANTE DEL TITULO | |
| Título propio/Titulo breve | Everything You Need to Know about Money |
| 250 ## - MENCION DE EDICION | |
| Mención de edición | 4th edition |
| 260 ## - PUBLICACIÓN, DISTRIBUCIÓN, ETC. | |
| Lugar de publicación, distribución, etc. | New York, NY : |
| Nombre del editor, distribuidor, etc. | Harper Paperbacks, |
| Fecha de publicación, distribución, etc. | c2010. |
| 300 ## - DESCRIPCIÓN FÍSICA | |
| Extensión | xxvii, 697 pages : |
| Otras características físicas | illustrations ; |
| Dimensiones | 24 cm. |
| 500 ## - NOTA GENERAL | |
| Nota general | Includes index |
| 520 ## - RESUMEN, ETC. | |
| Sumario, etc. | “A single source for what you need to know to put your financial house in order, an impressive piece of work, and very useful.”<br/>—Bob Clark, Editor-in-Chief, Dow Jones Investment Advisor<br/><br/> <br/><br/>Ric Edelman, America’s most successful financial advisor, has revised and updated his classic personal finance bestseller to reflect the new global economic outlook. In his 4th edition of The Truth About Money, Edelman tells you everything you need to know about money—an essential, yet delightfully breezy and accessible, must-read manual for anyone who may have previously sought the financial wisdom of Suze Orman and Jean Chatzky. The Truth About Money is an indispensible guide to money matters from the man whom Barrons named the #1 independent financial advisor in the country. |
| 650 #0 - PUNTO DE ACCESO ADICIONAL DE MATERIA--TÉRMINO DE MATERIA | |
| Término de materia o nombre geográfico como elemento de entrada | Finance, Personal. |
| 650 #4 - PUNTO DE ACCESO ADICIONAL DE MATERIA--TÉRMINO DE MATERIA | |
| Término de materia o nombre geográfico como elemento de entrada | Finanzas personales |
| 9 (RLIN) | 392 |
| 906 ## - ELEMENTOS DE DATOS F LOCAL, LDF (RLIN) | |
| a | 7 |
| b | cbc |
| c | orignew |
| d | 1 |
| e | ocip |
| f | 20 |
| g | y-gencatlg |
| 942 ## - ELEMENTOS DE ENTRADA SECUNDARIOS (KOHA) | |
| Fuente del sistema de clasificación o colocación | Clasificación de Library of Congress |
| Tipo de ítem Koha | Libro |
| Estatus retirado | Estado de pérdida | Fuente del sistema de clasificación o colocación | Estado de daño | No para préstamo | Colección | Biblioteca de origen | Biblioteca actual | Ubicación en estantería | Fecha de adquisición | Signatura topográfica completa | Código de barras | Visto por última vez | Copia número | Tipo de ítem Koha |
|---|---|---|---|---|---|---|---|---|---|---|---|---|---|---|
| Clasificación de Library of Congress | Ciencias Sociales | Biblioteca Juan Bosch | Biblioteca Juan Bosch | Ciencias Sociales (3er. Piso) | 23/06/2025 | HG 179 E22t 2010 | 00000192994 | 23/06/2025 | 1 | Libro |
